000 00586nam a2200121Ia 4500
008 171212s9999 xx 000 0 und d
020 _a9780833088673
100 _aPaul, Christopher;Gordon, Brian;Moroney, Jennifer D. P.;Saum-Manning, Lisa;Grill, Beth
245 _cPaul, Christopher;Gordon, Brian;Moroney, Jennifer D. P.;Saum-Manning, Lisa;Grill, Beth
_aA Building Partner Capacity Assessment Framework
_bTracking Inputs, Outputs, Outcomes, Disrupters, and Workarounds
260 _bRAND Corporation
_c2015
650 _aBusiness
856 _uhttp://jstor.org/stable/10.7249/j.ctt19rmdt2
999 _c351634
_d351634